000 00912cam a2200289 a 4500
001 337
003 BD-RjUL
005 20211208233148.0
008 131117s1994 nyua b 001 0 eng
020 _a0079118178 (recycled, acidfree paper) :
020 _a0071133194
035 _a(BD-RjUL)354
040 _aDLC
_cDLC
_dBD-RjUL
_beng
041 _aeng
082 0 0 _a006.3
_220
_bFUN 1994
100 1 _aFu, LiMin,
_d1953-
_91086
245 1 0 _aNeural networks in computer intelligence /
_cLiMin Fu.
260 _aNew York :
_bMcGraw-Hill,
_cc1994.
300 _axix, 460 p. :
_bill. ;
_c25 cm. +
500 _aSystem requirements for computer disk: IBM-compatible PC; DOS.
504 _aIncludes bibliographical references and index.
650 0 _aNeural networks (Computer science)
_9321
650 0 _aArtificial intelligence.
_9887
942 _2ddc
_cBK
999 _c337
_d337